00855 2200313 4500001002100000005001500021035002000036007000300056040001600059100002200075245007000097250001200167300003300179504002400212020002200236041000800258082001100266084001700277090002300294264002600317336002100343337003000364338002300394650001300417700003500430850001000465008004100475990002500516INLIS00000000000743320260602023054 a0010-0822000407ta aSBUPADbind0 aBudi AePengarang1 aPenuntun Praktis Usaha Perikanan /cBudi A. ; editor, Tim Ricardo a.-cet.1 a70 hlm :bilus ;c20 x 14 cm abibliografi, hlm 70 a978-979-1437-96-707aind a639.31 a639.31 BUD p a639.31 BUD p L20-7 a.--Jakarta :bRicardo 2rdacontentateks 2rdamediaatanpa perantara 2rdacarrieravolume 4aBudidaya0 aEditor, Tim RicardoePengarang aPUPAD260602 0  a9564/H/KAPD-PDG/2009